| 000 | 01673nam a2200217 a 4500 | ||
|---|---|---|---|
| 001 | 000046068 | ||
| 003 | DO-SdBNP | ||
| 005 | 20230203142252.0 | ||
| 007 | ta | ||
| 008 | 150617e1987 dr gr 001 pdspa d | ||
| 040 |
_aDO-SdBNP _bspa _cBNPHU |
||
| 082 | 4 |
_222 _bF819c |
|
| 100 | 1 |
_aFrancisco, Ramón _920549 _d1929- 2004 |
|
| 245 | 1 | 0 |
_aCritic-A-demas. / _cRamón Francisco. |
| 260 |
_aSanto Domingo : _bPublicaciones América, _c1987 |
||
| 300 |
_a265 p. ; _c21 cm. |
||
| 500 | _aIncluye datos biográficos del autor en la contracubierta. | ||
| 505 |
_tDel pensamiento y la expresión poéticas.-- _tDe la aldea, de los trenes y del éxodo, o sea, un análisis (y) una épica.-- _tDe muerte en blanco a son de guerra y amores.-- _tEl poema maduro de los años maduros.-- _tTrenes y éxodo.-- _tEl sonoro modo del mambú sonoro.-- _tLa marcha de la humanidad.-- _tEl hallazgo de la aldea.-- _tEpílogo.-- _tLa Literatura Dominicana de los años 60.-- _tEl gran nombrador.-- _tLa novela que aspira a parecerse a la vida.-- _tLas devastaciones.-- _tReflexione sobre unos manuscritos.-- _tDe Pedro Peix y de la importancia actual de la narración.-- _tApuntes para la presentación de un libro de poemas.-- _tLiteratura y obra literaria. Carta a Héctor Díaz Polanco.-- _tCrítica del criterio.-- _tPerspectiva de la perspectiva.-- _tIncursiones patronales.-- _tDetalle de los detalles.-- _tDiferencias de forma pero no de fondo.-- _tCien Años de Soledad: Una Trampa.-- _tVida y Cultura en la Prehistoria de Santo Domingo.-- _tApostolador Destutanado _tAnuncio la Epopeya Tony-Ca.-- _tLa luz Herida de Rodolfo.-- _tDisputa Entre Artistas. |
||
| 590 | _aInventariado 2023 / MF | ||
| 942 |
_2ddc _cLBS1 |
||
| 999 |
_c45557 _d45557 |
||